00553nam a2200133 a 450000100100000000500170001000800410002704000250006824500620009326000420015530000220019795201830021999900170040200004616120201002052658.0150630s1985 000 spa d aDO-SdBNPbspacBNPHU 0aMateriales para el congreso de reunificación comunista. aSanto Domingo :bAlfa & Omega,c1985. a43 p. : ;c17 cm. 001050718MOaPDbPDcHDd2015-06-30iLF1l0o p46161-10r2020-06-25w2020-06-25y1zPerteneció a la biblioteca personal de Chiqui Vicioso / Fidelio Despradel.ZNo se presta c45650d45650